MDQL
is popping MORE tags! Check the
thread
!
Quizzes
Events
Quiz Creation
Community
Videos
Private Events
Remove Ads
Sign In
Join for FREE
Feedback
Dark Mode
Quiz Categories
Sports
Geography
Music
Movies
Television
Just For Fun
Miscellaneous
History
Literature
Language
Science
Gaming
Entertainment
Religion
Holiday
For Kids
Quiz Lab
Recent
Popular Today
Quiz Kudos Today
Editor Picks
Curator Picks
Quizzes by...
Day
Popularity
Type
Ratings
Length
Year
Community
Subscriptions
Recent Discussions
Orange Saloon
Badges
Playlists
Quests
Create
Leaderboards
Showdown
Live 5
Trivia Bingo
Activity
Puzzle Library
Sporcle Events
Private Events
Virtual Trivia
Globe League
Become a Host
Pub Owners
SporcleCon
Opinionation
Our Games
Videos
Blog
Mobile Apps
Partnerships
Remove Ads and Go Orange
Feedback
Geography
Country
Landmarks
City
State
Population
World
Capital
Continent
Flags
Europe
Africa
Asia
South America
North America
Oceania
Border
Canada
United Kingdom
Topography
United States
Geography
Country
Landmarks
City
State
Population
World
Capital
Continent
Flags
Europe
Africa
Asia
South America
North America
Oceania
Border
Canada
United Kingdom
Topography
United States
Random Quiz
Search Sporcle
×
Editor Pick
Editor Pick
Geography
Country
Type in answers that appear in a list
Type in answers that appear in a list
Classic
Best Score? Go Orange.
Unique African Country Traits Stats
Can you name the country in Africa by it's unique trait??
By
daisyap
6m
15 Questions
5,475 Plays
5,475 Plays
5,475 Plays
Comments
Comments
Give Quiz Kudos
Give Quiz Kudos
-
- Ratings
hide this ad
More Info
Forced Order
Answers have to be entered in order
Answers have to be entered in order
Replay
Link that replays current quiz
Next Quiz
Link to next quiz in quiz playlist
You Got
0%
They Got
Avg Score
55%
Avg Friend Score
Upgrade to see
Score Distribution
Jump to the score distribution portion of the page
Score
0/15
Timer
06:00
0
Plays Today
Only country in Africa that...
Country
% Correct
Begins with 'U'
Uganda
98.1%
Has a population of over 100,000,000
Nigeria
81.6%
Has a 'J' in its name
Djibouti
80.5%
Has over 500 airports
South Africa
76.9%
Begins with 'K'
Kenya
75.1%
Has a capital with the exact same name as the country
Djibouti
59.4%
Has never been colonised
Ethiopia
59.2%
Has four 'A's in its name
Madagascar
56.2%
Only country in Africa that...
Country
% Correct
Ends in 'T'
Egypt
54.2%
Has a capital beginning with 'G'
Botswana
42.9%
Has Spanish as an official language
Equatorial Guinea
41.2%
Has two 'P's in its name
Sao Tome and Principe
35.5%
Is not part of the African Union
Morocco
31.2%
Has a capital beginning with 'V'
Seychelles
26.4%
Has colours green and yellow only on its flag
Mauritania
16.6%
Quiz Playlist
Details
Report
Send in Message
Add To Playlist
More Info:
Sources: http://www.bestway.com/africa.html http://spanish.about.com https://www.cia.gov Please try my other quizzes for the other continents!
Classic:
Type in answers that appear in a list
Forced Order:
Answers have to be entered in order
Last Updated: Feb 16, 2017
Editor Pick in
Geography
Quiz Scoreboard
CHALLENGE
Sign Up to Join the Scoreboard
Show All
Scores
Hide
Comments
May contain spoilers
Recently Published
Colored Red Africa Blitz
by spor1
Geography
30s
Find the 'City' Movie
by crazypaving
Movies
60s
5x2 Blitz: Bands
by SL_Kpop136
Music
30s
More to Explore
Quiz From the Vault
Featured Blog Post
14 Easter Pick-up Lines to Find Eggs With
hide this ad
You Might Also Like...
Tags
Africa Quiz
Country Quiz
Extra
trait
Unique
Today's Top Quizzes in Geography
Browse Geography
hide this ad
Today's Top Quizzes in Country
Browse Country
Top Contributed Quizzes in Geography
1
Countries of the World - No Outlines Minefield
2
Colored Red Europe Blitz I
3
Colored Red Africa Blitz II
4
Colored Red Europe Blitz II
5
Colored Red Africa Blitz III
6
Colored Red Europe Blitz III
7
African Flag Reveal XLVI
8
Colored Red States Blitz I
9
Colored Red States Blitz II
10
Colored Red States Blitz III
Explore More
Trending Topics
Crossword
Harry Potter
Kpop
Anime
NBA
Disney
Marvel
Soccer
Pokémon
Puzzle
Song
WWE
The Office
NFL
Country
hide this ad
More By:
daisyap
Quiz
Plays
Rating
Category
Featured
Created
The Only Two Countries...
90,717
4.51
Geography
Apr 13, 2010
Second 'H' Countries
80,957
4.41
Geography
Jun 26, 2010
Unique European Countries
12,424
4.17
Geography
Jun 9, 2010
Unique African Country Traits
5,475
4.23
Geography
Jun 10, 2010
Unique Last Letter Countries
4,933
4.81
Geography
Apr 28, 2010
Go to Creator's Profile
Score Distribution
Quiz Creator Spotlight
daisyap
Follow
Send a Message
Quizzes Created
-
Created Quiz Play Count
-
More By This Creator
Popular Quizzes Today
1
Colored Red Africa Blitz
2
Find the 'City' Movie
3
Find the US States - No Outlines Minefield
4
5x2 Blitz: Bands
5
The Countries of the World
6
Find the US States
7
US States
8
9x9 Crossword: Cartoon Network
More Geography Quizzes
Country on a Map per Letter: South America
Published
Trending Quizzes
Colored Red Europe Blitz I
Colored Red Europe Blitz II
Colored Red Africa Blitz II
Colored Red Africa Blitz III
Colored Red Europe Blitz III
Recently Updated
2024 March Madness Bracket
pecheneg
Famous TV Couples
Peacemaker
Champions League XIs: Real Madrid
pecheneg
Largest US Cities 1790-2010
pecheneg
Rides in Walt Disney World
pecheneg
Most Oscar Losses (Acting)
pecheneg
Beyoncé Albums
pecheneg
Leaping Animals
pecheneg
Reality TV Shows (A-Z)
bhenderson79
Rickey Henderson's Hall of Fame Teammates
pecheneg
Trending Topics
Kpop
Crossword
Anime
Disney
Harry Potter
NBA
Marvel
Country
Soccer
WWE
The Office
Pokémon
Puzzle
Song
NFL
Your Account Isn't Verified!
In order to create a playlist on Sporcle, you need to verify the email address you used during registration. Go to your
Sporcle Settings
to finish the process.
Report this User
Report this user for behavior that violates our
Community Guidelines
.
Details:
Send Report
Go to the Sporcle.com Mobile Site →
Comments